Outlander Characters - Statistics

General Stats
  • This quiz has been taken 23 times
  • The average score is 47 of 147
Answer Stats
Answer % Correct
Claire
100%
Ian Fraser Murray (Young Ian)
100%
Jamie
100%
Roger MacKenzie
100%
Brianna MacKenzie
92%
Fergus
92%
Ian Murray
92%
Angus
85%
Dougal
85%
Frank Randall
85%
Jenny
85%
Laoghaire
85%
Marsali MacKimmie Fraser
85%
Colum
77%
Jeremiah Fraser MacKenzie
77%
Jonathan Randall
77%
Murtagh
77%
Alexander Randall
69%
Amanda MacKenzie
69%
Brian Fraser
69%
John Grey
69%
King Louis XV
69%
le Comte St. Germain
69%
Geillis
62%
Germain Fraser
62%
Henri-Christian Fraser
62%
Jane Pocock
62%
Joan Fraser
62%
Jocasta Cameron
62%
Joe Abernathy
62%
Rachel Hunter / Rachel Murray
62%
Rob Cameron
62%
William Ransom
62%
David MacKenzie
54%
Faith Fraser
54%
Felicite Fraser
54%
Frances "Fanny" Pocock
54%
Letitia
54%
Rupert
54%
Charles Stuart
46%
John Quincy Myers
46%
Mary Hawkins
46%
Mary MacNab
46%
Morag MacKenzie
46%
Mrs. Fitzgibbons
46%
Reverend Wakefield
46%
Simon Fraser
46%
Stephen Bonnet
46%
Alexandre Fraser
38%
Allan Christie
38%
Arch Bug
38%
Charles-Claire Fraser
38%
Denzell Hunter
38%
Duke of Sandringham
38%
Ellen MacKenzie Fraser
38%
Joan MacKimmie
38%
Malva Christie
38%
Ned Gowan
38%
Thomas Christie
38%
Wakyo'teyehsnonhsa (Emily)
38%
Amaranthus Cowden
31%
Benjamin Grey
31%
Geneva Dunsany
31%
Hamish
31%
Isobel Dunsany
31%
James Murray
31%
Louise de La Tour
31%
Margaret Murray
31%
Master Raymond
31%
Murdina Bug (Mrs. Bug)
31%
Rabbie MacNab
31%
Richard Brown
31%
William Buccleigh MacKenzie (Buck)
31%
Willie
31%
Arthur Duncan
23%
Fanny Beardsley
23%
Greg Edgars
23%
Horrocks
23%
Hugh Munro
23%
Keziah Beardsley
23%
Lionel Brown
23%
Mother Hildegarde
23%
Simon Fraser (General Fraser of Balnain)
23%
Ulysses
23%
Agnes Cloudtree (Agnes Whittaker)
15%
Amy McCallum / Amy Higgins / Amy Lindsay
15%
Evan Lindsay
15%
Father Bain
15%
Fiona Graham
15%
Gavin Hayes
15%
Harold Grey
15%
Josiah Beardsley
15%
Lizzie Wemyss
15%
Mrs. Graham
15%
Phillip Wylie
15%
Rollo
15%
Taran MacQuarrie
15%
Yi Tien Cho (Mr. Willoughby)
15%
Aidan MacCallum / Aidan Higgins
8%
Alicia Brown
8%
Bobby Higgins
8%
Ezekiel Richardson
8%
George Wasington
8%
Harry Quarry (Mr. Quarry)
8%
Hiram Crombie
8%
Jared
8%
Joseph Duverney
8%
Mamacita
8%
Manoke
8%
Mercy Woodcock
8%
Mrs. Crook
8%
Percy Wainwright (Beauchamp, Percival Wainwright, Perseverance)
8%
Totis
8%
Annalise de Marillac
0%
Captain Harkness
0%
Captain Raines
0%
Chastity Hardman
0%
Cyrus Crombie
0%
Denys Randall-Isaacs
0%
Dorothea Grey
0%
Elias Pound
0%
Gabriel Hardman
0%
Governor Tryon
0%
Hamilton Knox
0%
Isaiah Morton
0%
John Cinnamon
0%
Joseph Brant
0%
Judge Alderdyce
0%
Lesley
0%
Lieutenant Wolff
0%
Maisri
0%
Monsieur Forez
0%
Nayawenne
0%
Neil Forbes
0%
Orrie McCallum
0%
Patience Hardman
0%
Phaedre
0%
Prudence Hardman
0%
Ronnie Sinclair
0%
Silvia Hardman
0%
Temeraire
0%
The Sachem
0%
Thomas Leonard
0%
Trevor Grey
0%
Tsisqua
0%
Wendigo Donner
0%
No matching quizzes found
Score Distribution
Percent of People with Each Score
Percentile by Number Answered
Your Score History
You have not taken this quiz